The facts on files dictionary of physics/ (Record no. 14078)
[ view plain ]
| 000 -LEADER | |
|---|---|
| fixed length control field | 00550nam a22001697a 4500 |
| 008 - FIXED-LENGTH DATA ELEMENTS--GENERAL INFORMATION | |
| fixed length control field | 160926b xxu||||| |||| 00| 0 eng d |
| 020 ## - INTERNATIONAL STANDARD BOOK NUMBER | |
| International Standard Book Number | 0816039127 |
| 050 ## - LIBRARY OF CONGRESS CALL NUMBER | |
| Classification number | REF QC 5 .F34 1999 |
| 100 ## - MAIN ENTRY--PERSONAL NAME | |
| Personal name | [edited by Daintith, John] |
| 245 ## - TITLE STATEMENT | |
| Title | The facts on files dictionary of physics/ |
| Statement of responsibility, etc. | John Daintith and John Clark. |
| 250 ## - EDITION STATEMENT | |
| Edition statement | 3rd ed. |
| 260 ## - PUBLICATION, DISTRIBUTION, ETC. (IMPRINT) | |
| Place of publication, distribution, etc. | Tampa: |
| Name of publisher, distributor, etc. | Alonso high media center, |
| Date of publication, distribution, etc. | 1999. |
| 300 ## - PHYSICAL DESCRIPTION | |
| Extent | 250p. :ill. ; |
| 650 ## - SUBJECT ADDED ENTRY--TOPICAL TERM | |
| Topical term or geographic name as entry element | Physics |
| General subdivision | dictionaries. |
| 700 ## - ADDED ENTRY--PERSONAL NAME | |
| Personal name | Clark, John. |
| 942 ## - ADDED ENTRY ELEMENTS (KOHA) | |
| Source of classification or shelving scheme | |
| Koha item type | Reference Material |
| Classification part | REF QC 5 .F34 1999 |
| Withdrawn status | Lost status | Source of classification or shelving scheme | Damaged status | Not for loan | Home library | Current library | Shelving location | Date acquired | Source of acquisition | Total Checkouts | Full call number | Barcode | Date last seen | Price effective from | Koha item type |
|---|---|---|---|---|---|---|---|---|---|---|---|---|---|---|---|
| MACHAKOS UNIVERSITY LIBRARY | MACHAKOS UNIVERSITY LIBRARY | Reference | 26/09/2016 | Donation(BFA) | REF QC 5 .F34 1999 | 26179 | 11/10/2018 | 26/09/2016 | Reference Material |